000 00487nam a2200169Ia 4500
999 _c12156
_d12156
003 OSt
005 20201105132242.0
008 190216s9999||||xx |||||||||||||| ||und||
040 _coclc
082 _a599.74
_bCHA/F
100 _aChaturvedi, M D
_94683
245 4 _aThe Felines /
_cM D Chaturvedi
260 _bNational Book Trust India,
_c1968.
_aNew Delhi:
300 _a78p
650 _aEnglish Literature
942 _cBK
_2ddc
_h599.74
_iCHA/F
_k599.74
_mCHA/F